Normal view MARC view
  • JAIN, DR. BRIJENDRA BRAJMOHAN & KUMAR, DR. NILESH AND NAYAK, DR. ARABINDA

Entry Personal Name

Number of records used in: 1

001 - CONTROL NUMBER

  • control field: 8533

003 - CONTROL NUMBER IDENTIFIER

  • control field: JRU

005 - DATE AND TIME OF LATEST TRANSACTION

  • control field: 20240918153924.0

008 - FIXED-LENGTH DATA ELEMENTS

  • fixed length control field: 240918|| aca||aabn | a|a d

040 ## - CATALOGING SOURCE

  • Original cataloging agency: JRU
  • Transcribing agency: JRU

100 ## - HEADING--PERSONAL NAME

  • Personal name: JAIN, DR. BRIJENDRA BRAJMOHAN & KUMAR, DR. NILESH AND NAYAK, DR. ARABINDA

670 ## - SOURCE DATA FOUND

  • Source citation: Work cat.: (JRU)8662: JAIN, DR. BRIJENDRA BRAJMOHAN & KUMAR, DR. NILESH AND NAYAK, DR. ARABINDA, PHARMACOLOGY - I [B.PHARMA, 4TH SEMESTER ]